| 000 | 00535nam a22001817a 4500 | ||
|---|---|---|---|
| 005 | 20100930160912.0 | ||
| 008 | 100930t xxu||||| |||| 00| 0 eng d | ||
| 020 | _a8176553824 | ||
| 035 | _aB-164868 | ||
| 082 | _aS | ||
| 100 |
_aBalliett, Blue _922542 |
||
| 245 |
_aChasing vermeer / _cby Blue balliett |
||
| 260 |
_aUnited Kingdom _bScholastic _c2005 |
||
| 300 |
_a254p. _b20cm (pbk) |
||
| 700 | _922554 | ||
| 942 |
_2ddc _cEN _hS _mBAL |
||
| 999 |
_c48101 _d48101 |
||